| 000 | 00730nam a22001937a 4500 | ||
|---|---|---|---|
| 005 | 20240320142546.0 | ||
| 010 | _aHIN-127150 | ||
| 020 |
_a97881191127160 _c380.00 |
||
| 035 | _aHN-99496 | ||
| 037 | _bDBAD/PUB. | ||
| 082 | _a808.853 | ||
| 100 |
_aवाजपई,उदयन _963663 |
||
| 245 |
_aबच्चों की समझ/ _cउदयन वाजपई |
||
| 260 |
_aउत्तर प्रदेश _bसेतु प्रकाशन _c2023 |
||
| 270 |
_aसी-21 सेक्टर-65 नॉएडा _bउत्तर प्रदेश _e201301 |
||
| 300 |
_a125पृ; _c21 सेमी (सजिल्द) |
||
| 700 | _963631 | ||
| 942 |
_adpl _cHN _2ddc _h808.853 _mवाजप |
||
| 999 |
_c201643 _d201643 |
||